| 000 | 00602 a2200229 4500 | ||
|---|---|---|---|
| 001 | 23468 | ||
| 999 |
_c23468 _d4872 |
||
| 003 | TR-AnTOB | ||
| 005 | 20210908154417.0 | ||
| 008 | 110118s1993 tu 000 0 | ||
| 020 | _a9757658154 | ||
| 041 | _atur | ||
| 050 |
_aPL49.4 _b.C34 1993 |
||
| 090 | _aREF PL49.4 .C34 1993 | ||
| 100 | 1 |
_aCaferoğlu, A. _q(Ahmet), _d1899-1975 _925574 |
|
| 245 | 0 |
_aUygur Türkcesi sözlüğü / _cAhmet Caferoğlu. |
|
| 250 | _a3.bs. | ||
| 264 | 1 |
_aİstanbul : _bEnderun Kitabevi, _c1993 |
|
| 300 |
_aviii, 200 p. ; _c20 cm. |
||
| 650 |
_aUygur dili _vSözlükler _917045 |
||
| 902 | _a0010745 | ||
| 942 | _cREF | ||